<?xml version="1.0" encoding="UTF-8"?>
<record
    xmlns:xsi="http://www.w3.org/2001/XMLSchema-instance"
    xsi:schemaLocation="http://www.loc.gov/MARC21/slim http://www.loc.gov/standards/marcxml/schema/MARC21slim.xsd"
    xmlns="http://www.loc.gov/MARC21/slim">

  <leader>01472nem a2200241 i 4500</leader>
  <controlfield tag="001">33206</controlfield>
  <controlfield tag="003">ES-MaACL</controlfield>
  <controlfield tag="005">20230906154721.0</controlfield>
  <controlfield tag="007">t|</controlfield>
  <controlfield tag="008">160830s1986    sp        |   |0|1||spa d</controlfield>
  <datafield tag="245" ind1="0" ind2="0">
    <subfield code="a">Mapa litol&#xF3;gico de Madrid [</subfield>
    <subfield code="h">Material cartogr&#xE1;fico] / </subfield>
    <subfield code="c">autores, Alfonso Gonz&#xE1;lez Ubanell, Javier de Pedraza Gilsanz, Juan de Dios Centeno Carrillo y Santiago Gonz&#xE1;lez Alonso; colaboradores, Pilar Carretero Carrero ... [et al.] ; cartograf&#xED;a, Rhea Consultores.</subfield>
  </datafield>
  <datafield tag="255" ind1=" " ind2=" ">
    <subfield code="a">Escala 1:200000 ; </subfield>
    <subfield code="b">proyec. U.T.M. (Huso 30), elipsoide internacional, Datum europeo.</subfield>
  </datafield>
  <datafield tag="260" ind1=" " ind2=" ">
    <subfield code="a">Madrid : </subfield>
    <subfield code="b">Comunidad, Consejer&#xED;a de Agricultura y Ganader&#xED;a, </subfield>
    <subfield code="c">1986.</subfield>
  </datafield>
  <datafield tag="300" ind1=" " ind2=" ">
    <subfield code="a">1 mapa : </subfield>
    <subfield code="b">col. ; </subfield>
    <subfield code="c">79 x 74 cm + </subfield>
    <subfield code="e">1 memoria (48 p.)</subfield>
  </datafield>
  <datafield tag="500" ind1=" " ind2=" ">
    <subfield code="a">Este mapa es una s&#xED;ntesis de los mapas a escala 1:50.000 elaborados como parte del trabajo "Dise&#xF1;o metodol&#xF3;gico, codificaci&#xF3;n y mapas tem&#xE1;ticos de Madrid", realizado para la Comunidad de Madrid durante los a&#xF1;os 1982 a 1984.</subfield>
  </datafield>
  <datafield tag="592" ind1=" " ind2=" ">
    <subfield code="a">M&#xE1;rgenes graduados. - Relieve por curvas de nivel, equidistancia de las curvas 100 metros. - Altitudes referidas al nivel medio del Mediterr&#xE1;neo en Alicante.</subfield>
  </datafield>
  <datafield tag="594" ind1=" " ind2=" ">
    <subfield code="a">Base geogr&#xE1;fica, Instituto Geogr&#xE1;fico Nacional.</subfield>
  </datafield>
  <datafield tag="650" ind1=" " ind2="4">
    <subfield code="a">Rocas-</subfield>
    <subfield code="z">Madrid (Comunidad Aut&#xF3;noma)-</subfield>
    <subfield code="v">Mapas.</subfield>
    <subfield code="9">160621</subfield>
  </datafield>
  <datafield tag="700" ind1="0" ind2=" ">
    <subfield code="a">Gonz&#xE1;lez Ubanell, Alfonso.</subfield>
    <subfield code="9">58992</subfield>
  </datafield>
  <datafield tag="700" ind1="0" ind2=" ">
    <subfield code="a">Pedraza, Javier.</subfield>
    <subfield code="9">89886</subfield>
  </datafield>
  <datafield tag="700" ind1="1" ind2=" ">
    <subfield code="a">Centeno Carrillo, Juan de Dios.</subfield>
    <subfield code="9">160622</subfield>
  </datafield>
  <datafield tag="852" ind1=" " ind2=" ">
    <subfield code="a">ES-MaACL</subfield>
    <subfield code="j">2138-F-12</subfield>
  </datafield>
  <datafield tag="999" ind1=" " ind2=" ">
    <subfield code="c">33206</subfield>
    <subfield code="d">33206</subfield>
  </datafield>
  <datafield tag="952" ind1=" " ind2=" ">
    <subfield code="0">0</subfield>
    <subfield code="1">0</subfield>
    <subfield code="4">0</subfield>
    <subfield code="7">0</subfield>
    <subfield code="8">Colecci&#xF3;n_de_folletos</subfield>
    <subfield code="a">ATENEOM</subfield>
    <subfield code="b">ATENEOM</subfield>
    <subfield code="c">DEPOF</subfield>
    <subfield code="d">2016-08-30</subfield>
    <subfield code="e">DON</subfield>
    <subfield code="l">0</subfield>
    <subfield code="o">2138-F-12</subfield>
    <subfield code="p">1196040</subfield>
    <subfield code="r">2023-02-23 00:00:00</subfield>
    <subfield code="w">2023-02-23</subfield>
    <subfield code="y">FOLLETOS</subfield>
  </datafield>
</record>
